000 01016nam a2200253Ia 4500
003 Ost
005 20260507074926.0
008 260507s9999||||xx |||||||||||||| ||und||
020 _a9789957252
040 _cfsecg
041 _aara
082 _a657.7
100 _aمطر، محمد
_eمؤلف
245 0 _aالتأصيل النظري للممارسات المهنية المحاسبية في مجالات :
_bالقياس و العرض والافصاح /
_c محمد مطر
250 _aطبعة 2
260 _aعمان:
_bدار وائل,
_c2008
300 _a497 صفحة؛
_bإيضاحات ؛
_c24 سم
504 _aببليوغرافيا: ص.490
520 _aالإطار المفاهيمي لنظرية المحاسبة -القياس المحاسبي -مشاكل العرض والإفصاح -قضايا خلافية في الفكر المحاسبي
653 _aالقياس
653 _aالمحاسبة
700 _aالسويطي، موسى
_eمؤلف ثانوي
942 _cكتاب
999 _c41829
_d41829